| 000 | 00450cam a22001097a 4500 | ||
|---|---|---|---|
| 008 | 180718b1962 xxu||||| |||| 00| 0 eng d | ||
| 082 | _aO97x 5452 M267g | ||
| 245 |
_aGuide on family planning: a compendium of important orders and instrctions on family planning _cby Education and Public Health Department |
||
| 260 |
_aMadras _bThe Controller of Stationery and Printing _c1962 |
||
| 300 | _a174p. | ||
| 700 | _aIndia. Education and Public Health Department | ||
| 999 |
_c494250 _d494250 |
||